[Event "Albert m"]
[Site "Albert"]
[Date "2001.10.??"]
[Round "3"]
[White "Sutovsky, Emil"]
[Black "Bacrot, Etienne"]
[Result "0-1"]
[WhiteElo "2664"]
[BlackElo "2653"]
[Annotator "Bacrot,E"]
[PlyCount "84"]
[EventDate "2001.10.09"]
[EventType "match"]
[EventRounds "6"]
[EventCountry "FRA"]
[SourceTitle "CBM 086"]
[Source "ChessBase"]
[SourceDate "2002.02.05"]
[SourceVersion "1"]
[SourceVersionDate "2002.02.05"]
[SourceQuality "1"]

1. e4 {Gershon} c5 2. Nf3 Nc6 3. Bb5 e6 4. O-O Nge7 5. Nc3 a6 6. Bxc6 Nxc6 7.
d4 cxd4 8. Nxd4 Qc7 9. Nxc6 ({White has also tried to avoid taking on 'c6'.
However, in this case, black gets a very convenient interpretation of
scheveningen positions, without white's light squared B} 9. Kh1 $6 {Gershon} b5
10. Be3 Bb7 11. Qe2 Ne5 12. Rad1 Be7 13. f4 Nc4 14. Bc1 b4 15. Nb1 O-O 16. Rd3
Nd6 17. Nd2 f5 18. e5 Nb5 $15 {0-1 Conquest,S-Skripchenko Lautier,A/Pamplona
2000/EXT 2001 (39). (39)}) 9... dxc6 ({The idea to take with the 'b' pawn -
"closer to the center" doesn't seem to work well, since black will have
problems developing his B's.} 9... bxc6 {Gershon} 10. Qg4 $1 h5 11. Qg5 h4 12.
h3 g6 13. Qf6 Rh7 14. Bg5 d6 15. Bxh4 $16 {1-0 Kovalevskaya,E-Alexandria,N/
Batumi 2000/CBM 76 ext (36)}) (9... Qxc6 {Gershon is another possiblility
tested in Sadvakasov -Kasimdzhanov, 1999, where after :} 10. Re1 Be7 11. Nd5
exd5 12. exd5 Qd6 13. Bg5 f6 14. Bf4 Qxf4 15. d6 Kd8 16. Rxe7 {White got a
very strong compensation for the piece.}) 10. Be3 ({The idea to try and
prevent black's dark B development is this position is much weaker than after
9...dxc6:} 10. Qg4 {Gershon} e5 11. Qg3 f6 12. f4 Bc5+ 13. Kh1 O-O 14. f5 b5 {
with good game for black in: David,A-Tregubov,P/New York 2000/CBM 76 ext (49)})
10... Be7 $146 {Dans la théorie actuelle, les noirs égalisent avec 10...e5,
mais Emil a probablement une amélioration en réserve. Sur l'échiquier, j'ai
décidé de le sortir de sa préparation avec un bon coup de développement.} 11.
f4 ({Jouer sur l'aile-dame par} 11. a4 {ne donne rien} O-O 12. a5 c5 $11 {
suivi de Fd7-c6}) 11... O-O 12. Qh5 {'?!' Gershon. Gershon: 'White tries to
create concrete threats to black's monarch as soon as possible. However,
positionally black is very sound, and such a play can be double-edged for
white. The games played in this position by the two players show that white
has to search for other ways to gain advantage.' Si les blancs développent
leurs pièces sans attaquer, ils recevront une position difficile car leur
cavalier c3 n'a pas d'avenir, par contre le fou c8 aura une grande force sur
la diagonale "a8-h1".} (12. f5 $5 {(Gershon) getting some space is an
interesting option}) 12... f5 $1 {Une défense active contre la menace Tf3-h3.
Il faut contester l'avantage d'espace des blancs а l'aile-roi.} (12... b5 {
Gershon} 13. f5 {[%cal Gf1f3,Gf3h3] would have given white too much space for
play against the K.}) 13. Rf3 {'?!' Gershon. Gershon: 'Missing black's strong
reply. ' Le champion d'europe innova dans la cinquième partie du match par 13.
Fd4 mais après Fd6! 14.e5 Fe7 15.Tf3 g6 il oublia ses intentions agressives en
jouant 16.Dh3 et obtint une mauvaise position.} (13. e5 {Gershon} b5 14. Rf3 g6
15. Qh6 Rf7 $15 {[%csl Rc3,Re3][%cal Ge7f8,Gc6c5,Gc8b7] and black has a
visible advantage.}) ({In the next white game of the match emil opted for:} 13.
Bd4 {(Gershon) However, after:} Bd6 14. e5 Be7 15. Rf3 g6 16. Qh3 b5 {black
got an excellent position.}) 13... e5 $1 {Gershon: 'Openning the lines and
diagonald. As one of the chess "rules" say: A flank assault should be
countered by a blow in the center. ' L'ouverture de la position ne peut
qu'avantager les noirs qui ont la paire de fous.} 14. Rh3 $6 {Gershon: 'Now
white is quickly collapsing' La tour se met sur la diagonale du fou c8.} ({
Il fallait déjà essayer d'égaliser par 13.Taf1 ou} 14. fxe5 g6 $1 (14... Qxe5 {
Gershon} 15. Raf1 $142 $132 (15. Re1 {Gershon} g6 $17)) 15. Qh6 Qxe5 16. Raf1
Be6 {mais les noirs ont une position plus agréable.}) 14... h6 15. Rf1 exf4 {
15...fxe4 est contré par 16.f5!} 16. Bxf4 Bc5+ (16... Qb6+ $5 17. Be3 Qxb2 18.
Bxh6 $44 {donne une forte attaque, même si fritz n'est pas d'accord avec mon
jugement}) 17. Kh1 (17. Be3 Bxe3+ 18. Rxe3 Qb6 $19 {Le clouage est fatal pour
la tour e3.}) 17... fxe4 18. Rhf3 $1 {'?!' Gershon. Gershon: 'As always , Emil
is playing very interestingly, keeping the pressure on the board. However,
this time, we should have thought about a draw' Le seul coup. Evidemment la
dame est imprenable, et 18.Dxc5 Txf4 ou 18.Th4 De7 ne laisse aucune chance aux
blancs.} (18. Qxc5 {Gershon} Rxf4 19. Qc4+ Kh8 20. Rxf4 Qxf4 21. Rf3 $1 Qc1+ (
21... Be6 {Gershon} 22. Rxf4 Bxc4 23. Rxe4 $11) 22. Qf1 (22. Rf1 $143 {Gershon}
Be6 $1 23. Rxc1 Bxc4 24. Nxe4 Rd8 $15) 22... Qxf1+ 23. Rxf1 Be6 24. Nxe4 Rd8
$15 {objectively the game should end in a draw}) 18... Qe7 19. Rg3 (19. Nxe4
Rf5 $1 20. Qg6 Qxe4 21. Bxh6 Bf8 $1 $19) 19... Kh8 $2 {Après une suite de
coups presque forcés, je pouvais éliminer les derniers espoirs adverse
d'attaque par 19...Tf6! et continuer la partie avec un bon pion d'avance.} 20.
Nxe4 $1 {Gershon: 'Throwing some more gasoline into the fire' J'ai oublié ce
coup pendant la partie, je pensais qu'Emil tenterait sa dernière chance par 20.
Txg7 Dxg7 21.Dxc5, mais ici 21...Fe6! laisse très peu de chance aux blancs.} (
20. Rxg7 {(Gershon) is not enough due to the pinned B} Qxg7 21. Qxc5 Be6 $17)
20... Qxe4 21. Rxg7 $1 {Le résultat devient totalement imprévisible. Pour la
pièce sacrifier, les blancs obtiennent du jeu.} Rf6 $1 {'[]' Gershon. Le seul
coup.} ({of course not:} 21... Kxg7 {Gershon} 22. Bxh6+ Kg8 (22... Kh8 {Gershon
} 23. Bxf8+ Qh7 24. Bg7+ $1 Kxg7 25. Rf7+ Kg8 26. Qxh7#) 23. Qg5+ Kh8 24. Qg7#)
(21... Qxf4 {Gershon} 22. Rxf4 Kxg7 23. Qe5+ Kg8 24. Rf6 Rxf6 25. Qxf6 $11) 22.
Rg3 {Encore le meilleur.} (22. Qxc5 Rxf4 $1 (22... Kxg7 $4 23. Be5 $16 {
récupère le matériel.} (23. Bxh6+ $3 {Gershon} Kh7 (23... Rxh6 {Gershon} 24.
Qf8+ Kh7 25. Rf7+ Kg6 26. Rf6+ $18) (23... Kxh6 {Gershon} 24. Rxf6+ Kg7 25.
Qg5+ $18))) 23. Rxf4 (23. Rf7 $8 {Gershon} Rxf1+ 24. Rxf1 Be6 $19) 23... Qe1+
24. Qg1 Qxg1+ 25. Kxg1 Kxg7 $19) 22... Bd6 23. Qh4 {Emil trouve une superbe
ressource. L'autre possibilité est plus simple а réfuter.} (23. Rgf3 Qg6 $1 (
23... Bg4 $2 24. Qxg4 Raf8 25. Bxd6 $1 Qxg4 {Après 26.Fe5 ou 26.Fxf8 les
blancs ont de très bonnes chances d'annuler.}) 24. Qxg6 Rxg6 25. Bxd6 Rxd6 26.
Rf8+ Kg7 {La domination sur la huitième rangée n'est pas suffisante pour
egaliser, par exemple} 27. Re8 (27. R1f7+ Kg6 28. h3 Be6 29. Rf6+ Kg7 30. Rxe6
Rd1+ $19) 27... Re6 28. Rd8 Rf6 29. Re1 Rf8 $19) 23... Be7 $1 {Gershon:
'Etienne is defending with a great percision' Avant ce coup, j'avais 11
minutes pour atteindre le 40й coup, j'ai vu que Txf4 faisait nulle et
j'analysais Fe7 qui paraissait bon. Alors qu'il ne me restait que 2 minutes а
la pendule, je décidais de jouer pour le gain!} (23... Rxf4 {mène а une nulle
d'étude!} 24. Qd8+ $3 Bf8 25. Qxf8+ $3 Rxf8 26. Rxf8+ Kh7 27. Rf7+ Kh8 28. Rf8+
$11) 24. Rgf3 {Si 24.Dh5 Rh7! permet de consolider la position.} Rg6 $1 25. Qf2
$19 {Les derniers coups de repli blancs me donnèrent grande confiance. Il
s'agit maintenant de passer le cap des 40 coups sans dommage pour gagner la
partie.} Be6 {'-+' Gershon. Gershon: 'Black has defended, and now it's the
technical part, which Etienne executes flawlessly.'} 26. Re3 Qd5 27. Re5 Qd7
28. Qe3 Bd5 29. Bg3 (29. Rxe7 {Gershon} Bxg2+ 30. Kg1 Be4+ $19 {[%csl Re7]
[%cal Gd7e7]}) 29... Bd6 30. c4 {Essai de désespoir.} Bxg2+ $2 {Gershon: 'the
right practical decision. Giving up 2 B for a R in order to exhchange almost
all of the pieces on the board, and drive the game into a technically winning
endgame!' Pourquoi pas 30...Fxc4? Avec moins d' une minute а la pendule, je
simplifie la position.} (30... Bxc4 {(Gershon) would have given more ,with
much more risk}) 31. Kxg2 Bxe5 32. Qxe5+ Qg7 33. Kh1 $4 {Les blancs commettent
l'erreure fatale de passer en finale. 33.Df5 permettait de continuer а se
défendre.} (33. Qe2 {Gershon} Rf8 $19) 33... Qxe5 {Gershon: 'the rest is easy'
Maintenant c'est totalement fini, les coups sont simple а jouer et mon
adversaire abandonna а la fin du zeitnot.} 34. Bxe5+ Kg8 35. Rd1 Re8 36. Bg3
Rge6 37. Rd7 R8e7 38. Rd8+ Re8 39. Rd7 R8e7 40. Rd8+ Kg7 41. Bf2 Re2 42. Bd4+
Kg6 0-1

[Event "Budapest KPVDSZ Honved"]
[Site "Budapest"]
[Date "1978.11.04"]
[Round "11.7"]
[White "Nicevski, Risto"]
[Black "Schinzel, Wladyslaw"]
[Result "1-0"]
[WhiteElo "2400"]
[BlackElo "2400"]
[Annotator "Balogh,Bela"]
[PlyCount "61"]
[EventDate "1978.10.23"]
[EventType "tourn"]
[EventRounds "13"]
[EventCountry "HUN"]
[EventCategory "4"]
[SourceTitle "EXT 2021"]
[Source "ChessBase"]
[SourceDate "2020.10.23"]
[SourceVersion "1"]
[SourceVersionDate "2020.10.23"]
[SourceQuality "1"]

1. e4 c5 2. Nf3 Nc6 3. Bb5 e6 4. O-O Nge7 5. Re1 a6 6. Bf1 d5 7. exd5 Nxd5 8.
d4 cxd4 9. Nxd4 Be7 10. Nxc6 bxc6 11. c4 Nb6 12. Qf3 Bd7 13. Nc3 O-O 14. Bf4 f6
15. Rad1 e5 16. Be3 Nc8 17. c5 Kh8 18. Bc4 Qc7 19. Na4 f5 20. Nb6 Nxb6 21. cxb6
Qb7 22. Bd4 exd4 23. Rxe7 Rae8 24. Rde1 Qb8 25. Qg3 Qxg3 26. hxg3 c5 27. Rxe8
Bxe8 28. Bxa6 Bf7 29. Rc1 Rd8 30. Rxc5 d3 31. Bxd3 1-0

[Event "New York Generation"]
[Site "New York"]
[Date "2003.04.23"]
[Round "1"]
[White "Simutowe, Amon"]
[Black "Paschall, William M"]
[Result "1-0"]
[WhiteElo "2411"]
[BlackElo "2429"]
[Annotator "Bangiev,A"]
[PlyCount "79"]
[EventDate "2003.04.23"]
[EventType "tourn"]
[EventRounds "9"]
[EventCountry "USA"]
[EventCategory "10"]
[SourceTitle "CBM 095"]
[Source "ChessBase"]
[SourceDate "2003.07.25"]
[SourceVersion "1"]
[SourceVersionDate "2003.07.25"]
[SourceQuality "1"]

1. e4 c5 2. Nc3 Nc6 3. Bb5 Nd4 4. Bc4 e6 5. Nf3 Ne7 6. Nxd4 cxd4 7. Ne2 Nc6 8.
d3 b5 9. Bb3 Bc5 $6 (9... Be7 $142 10. O-O Bb7) 10. a3 Bb7 (10... O-O $142 11.
O-O Ne7 12. f4 d5) 11. O-O O-O 12. f4 {Ein wichtiger Zug, der die weißen Pläne
festlegen soll. Weiß strebt danach durch den Vorstoß f5 das Feld f5 in Besitz
zu nehmen und damit einen Spielraum für die Initiative bzw. Angriff am
Königsflügel zu verschaffen.} d5 {Ein für derartige Positionen typischer
Vorstoß, Schwarz ist bemüht, den aktiven Läufer b3 einzusperren.} 13. exd5 $1 {
[%mdl 32] Eine bei der Verfolgung der weißfeldrigen Strategie typische
Möglichkeit den Läufer auf b3 im Spiel zu halten.} exd5 14. f5 $1 {[%mdl 32]
Der Anziehende kämpft konsequent um die weißen Felder. /\ u.a.Nf4} Ne5 {/\Ng4}
(14... Re8 $142 {/\Bf8} 15. Nf4 (15. Qe1 $6 Qe7 $1) 15... Ne5 16. Qh5 $36) 15.
Qe1 $1 Re8 (15... Ng4 16. Qg3) 16. Qg3 $1 {[%mdl 32] Man beachte: die schwarze
Stellung weist momentan schwarzfeldrige Schwächen auf. Der weiße Angriff auf
die schwarzen Felder ist hier strategisch motiviert und verfolgt das Ziel, den
Nachziehenden dazu zu zwingen, durch die Verteidigung von schwarzen Feldern,
die Kontrolle über die weißen Felder zu schwächen.} Nd7 {Durch die harmlose
Überführung des Nc6 nach d7 hat Schwarz die Initiative an Weiß endgültig
verloren.} 17. Bg5 $1 (17. Bh6 Qf6 18. Bg5 Qe5) 17... f6 $6 {Dies schwächt die
Felder e6 und g6, die Weiß nun besetzen möchte, also hat der weiße Plan
geklappt. Nun bleibt nur übrig, durch zielstrebige Figurenumggruppierung die
schwachen weißen Felder im Lager des Schwarzen zu besetzen.} (17... Qb6 $142
18. Nf4 (18. Rae1 h6) 18... Re3 19. Rf3 Bd6 $132) 18. Bh6 Qe7 19. Rae1 Kh8 20.
Bd2 $16 {Es ist dem Weißen gelungen die Entwicklung harmonisch abzuschließen.
Es droht nun Nf4.} Ne5 21. Nf4 Qd7 {Damit bereitet sich Schwarz darauf vor den
Springer auf e6 durch Rxe6 zu entfernen.} 22. Ne6 (22. Qh3 {Dies stellte eine
Alternative dar} Bb6 23. Qh5 a5 24. Ng6+ Nxg6 (24... Kg8 25. Nxe5 Rxe5 26. Rxe5
fxe5 27. f6 $16) 25. fxg6 h6 26. Rxe8+ Rxe8 27. Bxh6 gxh6 28. Qxh6+ Kg8 29.
Rxf6 Re1+ $1 30. Kf2 Re2+ 31. Kxe2 Qe7+ 32. Kd2 Qxf6 33. Qh7+ Kf8 $11) 22...
Bb6 23. Bf4 $1 Bc7 24. Kh1 (24. Nxd4 Bb6 25. Be3 $16) 24... Rxe6 $6 {Der
Nachziehende sieht schon keinen Ausweg mehr.} (24... Bd6 25. Nxd4 $16) 25. fxe6
Qxe6 26. Qf2 h6 27. Qxd4 $18 Bb6 28. Qb4 Qc6 29. Bxe5 d4 30. Re4 Bc5 31. Qd2
fxe5 32. Rxe5 Re8 33. Rxe8+ Qxe8 34. Qe1 Qc6 35. Rf2 Qg6 36. Bf7 Qc6 37. b4 Bf8
38. Qe8 Qxe8 39. Bxe8 Kg8 40. Bxb5 1-0

[Event "Capablanca Memorial Elite 34th"]
[Site "Havana"]
[Date "1999.05.13"]
[Round "6"]
[White "Arencibia Rodriguez, Walter"]
[Black "Atalik, Suat"]
[Result "1/2-1/2"]
[WhiteElo "2520"]
[BlackElo "2593"]
[Annotator "Bangiev,A"]
[PlyCount "32"]
[EventDate "1999.05.??"]
[EventType "tourn"]
[EventRounds "13"]
[EventCountry "CUB"]
[EventCategory "12"]
[SourceTitle "CBM 071"]
[Source "ChessBase"]
[SourceDate "1999.08.01"]
[SourceVersion "1"]
[SourceVersionDate "1999.08.01"]
[SourceQuality "1"]

1. e4 c5 2. f4 Nc6 3. Nf3 g6 4. Bb5 Bg7 5. O-O Nd4 6. Nxd4 cxd4 7. d3 Nf6 8.
Nd2 O-O 9. Nf3 d5 $1 {[%mdl 8]} (9... Ne8 $6 10. Bc4 d6 11. Qe1 e6 12. Bb3 h6
13. a4 Kh7 14. Bd2 {0-1 Hanley,J-Longren,W/Los Angeles 1992/EXT 97 (48)}) 10.
exd5 $6 (10. e5 Qa5 $1 11. Nxd4 (11. exf6 Bxf6 $15) 11... a6 12. exf6 Bxf6 13.
Be3 axb5 14. a3 $1 $14 {[%csl Yb5][%cal Ya3b4] un die Bauernschwäche auf b5 zu
blockieren.}) 10... Nxd5 $132 11. Bc4 (11. Re1 Qd6 $1 {[%cal Yd5f4]} (11... Bg4
$6 12. Bc4) 12. Ne5 $6 f6 $15) 11... Qd6 (11... Ne3 12. Bxe3 dxe3 13. c3 $14)
12. Ng5 $5 h6 13. Ne4 Qc6 14. Qf3 {[%cal Yc4d5,Yf3d5] /\Bd5} (14. Bb3 Be6 $5)
14... Nb6 15. Bb3 a5 16. a4 Be6 $1 $132 1/2-1/2

[Event "Olympiad-36"]
[Site "Mallorca"]
[Date "2004.10.16"]
[Round "2"]
[White "Tiviakov, Sergei"]
[Black "Fedorov, Alexei"]
[Result "1/2-1/2"]
[WhiteElo "2617"]
[BlackElo "2619"]
[Annotator "Bangiev,A"]
[PlyCount "35"]
[EventDate "2004.10.15"]
[EventType "team-swiss"]
[EventRounds "14"]
[EventCountry "ESP"]
[SourceTitle "CBM 104"]
[Source "ChessBase"]
[SourceDate "2005.01.27"]
[SourceVersion "1"]
[SourceVersionDate "2005.01.27"]
[SourceQuality "1"]
[WhiteTeam "Netherlands"]
[BlackTeam "Belarus"]
[WhiteTeamCountry "NED"]
[BlackTeamCountry "BLR"]

1. e4 c5 2. Nc3 Nc6 3. Bb5 Nd4 4. Bc4 e6 5. Nf3 Nf6 6. O-O a6 7. a4 Qc7 8. h3 {
Dies soll Ng4 verhindern.} (8. d3 Ng4 $1) 8... Be7 (8... d6 9. d3 b6 10. Nxd4
cxd4 11. Ne2 Nxe4 12. Bxe6 fxe6 13. dxe4 e5 14. c3 $16 Bb7 15. cxd4 Bxe4 16.
Nc3 Bb7 17. Re1 O-O-O 18. Be3 $18 Kb8 19. Rc1 Qd7 20. d5 Rc8 21. Qb3 {1-0
Tiviakov,S-Heberla,B/Warsaw 2002/CBM 92 ext}) 9. Re1 {/\e5; Weiß will hier den
Vorstoß d5 verhindern.} (9. e5 $2 Nxf3+) 9... d6 10. d3 O-O {[%cal Gc7e5,Gg7e5]
} 11. Bf4 {/\e5} Nd7 {[%cal Gc7e5,Gg7e5]} 12. Nxd4 cxd4 13. Ne2 Nc5 $1 (13...
e5 14. Bh2 Nc5 15. c3 {Weiß möchte nun die c-Linie öffnen.}) 14. Nxd4 Bd7 (
14... e5 15. b4 exf4 16. bxc5 dxc5 17. Nf3 $14 {[%cal Gc7e5,Gg7e5,Ye6f7] Weiß
kontrolliert strategisch wichtige Felder.}) 15. Ne2 (15. a5 e5 $36 16. b4 Na4
17. Nf5 Bxf5 18. exf5 Nc3 19. Qd2 exf4 20. Qxc3 Bf6 (20... d5 21. Rxe7) 21. Qb3
Bxa1 22. Rxa1 $15) 15... Nxa4 16. Bb3 Nc5 17. Ba2 b5 18. b4 1/2-1/2

[Event "EU-ch 6th"]
[Site "Warsaw"]
[Date "2005.06.28"]
[Round "10"]
[White "Babujian, Levon"]
[Black "Williams, Simon Kim"]
[Result "0-1"]
[WhiteElo "2386"]
[BlackElo "2466"]
[Annotator "Bangiev,A"]
[PlyCount "54"]
[EventDate "2005.06.18"]
[EventType "swiss"]
[EventRounds "13"]
[EventCountry "POL"]
[SourceTitle "CBM 108"]
[Source "ChessBase"]
[SourceDate "2005.09.26"]
[SourceVersion "1"]
[SourceVersionDate "2005.09.26"]
[SourceQuality "1"]

1. e4 c5 2. Nc3 Nc6 3. Bb5 Nd4 4. Bc4 Nf6 5. Nf3 e6 6. O-O a6 7. e5 (7. d3 $142
b5 8. Bb3 Nxb3 9. axb3 Bb7 10. e5 b4 (10... Nd5 11. Ne4 f5 12. exf6 Nxf6 13.
Nfg5 h6 14. Qf3 {1-0 Hamdouchi,H-Calistri,T/Bastia 2004/CBM 100 ext (26)}) 11.
exf6 bxc3 12. fxg7 Bxg7 13. bxc3 Bxc3 14. Ra4 Rg8 {0-1 Iuldachev,S-Aronian,L/
Mallorca 2004/CBM 104 (32)}) 7... d5 8. exf6 dxc4 9. fxg7 Bxg7 10. d3 b5 (10...
cxd3 11. Qxd3 (11. cxd3 O-O 12. Ne4 b6 13. Bg5 f6 14. Bf4 Bb7 15. Re1 e5 $17 {
0-1 Pashikian,A-Wojtaszek,R/Heraklio 2002/CBM 091 (30)}) 11... Bd7 12. Nxd4
Bxd4 13. Be3 Bc6 14. f3 Rg8 $13 {1-0 Tiviakov,S-Fedorov,A/Wijk aan Zee 2001/
CBM 081/(35)}) 11. dxc4 (11. Nxd4 $142 cxd4 12. Ne4 Bb7 13. Qg4 {1-0 Borzakian,
M-Jactel,N/Paris 2004/CBM 100 ext (21)}) 11... Bb7 $1 $36 12. cxb5 $4 {[%mdl
8192]} (12. Ne1 Qh4) (12. Nd2 Qh4) 12... Nxf3+ 13. gxf3 Bxc3 $19 {/\Rg8} 14.
Bf4 (14. bxc3 Rg8+) (14. Qxd8+ Rxd8) 14... Qf6 15. Bg3 Rd8 16. Qe2 Rd2 17. Qe3
Bd4 18. Qb3 c4 19. Qa3 Bxb2 20. Qe3 Bd4 21. Qa3 Rd3 22. Qa4 Qxf3 23. bxa6+ Bc6
24. Qxc6+ Qxc6 25. Rab1 Rxg3+ 26. hxg3 Qxa6 27. Rfd1 Qa7 0-1

[Event "FRA-chT Gp-B"]
[Site "France"]
[Date "2003.04.04"]
[Round "5.2"]
[White "Hamdouchi, Hicham"]
[Black "Wirig, Anthony"]
[Result "1-0"]
[WhiteElo "2615"]
[BlackElo "2347"]
[Annotator "Bangiev,A"]
[PlyCount "43"]
[EventDate "2003.01.31"]
[EventType "team"]
[EventRounds "7"]
[EventCountry "FRA"]
[SourceTitle "CBM 095"]
[Source "ChessBase"]
[SourceDate "2003.07.25"]
[SourceVersion "1"]
[SourceVersionDate "2003.07.25"]
[SourceQuality "1"]
[WhiteTeam "Montpellier"]
[BlackTeam "Vandoeuvre"]
[WhiteTeamCountry "FRA"]
[BlackTeamCountry "FRA"]

1. e4 c5 2. Nc3 Nc6 3. Bb5 Nd4 4. Bc4 e6 5. Nf3 Nf6 6. O-O a6 (6... d5 $6 7.
exd5 exd5 8. Nxd5 $1 Nxd5 9. Nxd4 cxd4 10. Qh5 $14) 7. d3 d5 $6 {Ein für
derartige Positionen typischer Vorstoß, wird hier aber durch ein Springeropfer
widerlegt.} (7... Be7 8. e5) (7... d6 8. Nxd4 cxd4 9. Ne2 $14) (7... b5 $5 8.
Bb3 Nxb3 9. axb3 Bb7 $132) 8. exd5 exd5 9. Nxd5 $1 {[%mdl 64] Ein bekannter
Trick. Siehe 6..d5.} Nxd5 10. Nxd4 cxd4 11. Qh5 {Der Schlüsselzug der ganzen
Aktion.} Be6 $2 (11... Ne7 12. Qxf7+ Kd7 13. Bf4 (13. Re1 $145 $1) 13... Kc6
14. Rfe1 {Für die geopferte Figur besitzt Weiß eine starke Initiative.}) 12.
Re1 $16 Be7 13. Rxe6 Nf6 $2 (13... O-O $142 14. Re2 $1 {[%cal Ge2c2]} Nf6 15.
Qf5 $16) 14. Rxf6 $18 {[%mdl 64]} gxf6 15. Qxf7+ Kd7 16. Bf4 Qa5 17. Qe6+ Kd8
18. Re1 Re8 19. Re4 Qc5 20. b4 Qa7 21. Qd5+ Kc8 22. Qa5 1-0